00341nam a2200145Ia 4500003000400000008004100004040001600045082001800061100001800079245002900097260003300126300001100159650001000170650001500180GCL140319s9999 xx 000 0 eng d aGCL / cGCL04a792.0952bH K1 aHATA, HESOSHI10aKYOGEN / cHATA, HESOSHI a[S.N] : bHAIKUSHA ، c1991 a128 PP04aJAPAN04aART, JAPAN